| 000 | 00419nam a2200145Ia 4500 | ||
|---|---|---|---|
| 008 | 240729s9999 xx 000 0 und d | ||
| 022 | _a2620-5769 | ||
| 245 | 0 | _aInternational Journal of Research in Counseling and Education | |
| 260 | _aIndonesia | ||
| 260 | _bUniversitas Negeri Padang | ||
| 650 | _aEducation | ||
| 856 | _uhttps://doaj.org/toc/681025e40ab048ac8ec11e36f158be23 | ||
| 942 | _2ddc | ||
| 942 | _cDOAJEJ | ||
| 999 |
_c69873 _d69873 |
||
| 945 |
_a1 _bMadushi Gamage _c1 _dMadushi Gamage |
||